000 00345nas a2200157 a 4500
001 44391
003 113782
005 20201118101949.0
008 ||||||n9999 ||| || ||
041 _aeng
245 0 _aTime - Vol.150 No.25
260 _aEstados Unidos :
_bTime,
_c1997.
562 _e0
773 _021966
_aTime
942 _cSISS
999 _c44391
_d44391